000 00275nam a2200109Ia 4500
008 190914s9999||||xx |||||||||||||| ||und||
100 _aIndian Institute Banking
245 0 _aInformation System For Banks
260 _aIndia
_bS. Chand
_c1997
300 _a475
942 _cBK
999 _c10094
_d10094